[Event "BL 2016-17"]
[Site "Germany"]
[Date "2017.03.19"]
[Round "10"]
[White "Van Foreest, Lucas"]
[Black "Von Herman, Ulf"]
[Result "1-0"]
[WhiteElo "2455"]
[BlackElo "2346"]
[Annotator "TA"]
[PlyCount "43"]
[EventDate "2017.??.??"]
[EventType "team-tourn"]
[EventCountry "GER"]
[SourceTitle "playchess.com"]
[Source "ChessBase"]
[SourceQuality "1"]
[WhiteTeam "Aufwärts Aachen"]
[BlackTeam "König Tegel"]

{[%evp 5,43,13,44,29,20,8,40,13,5,6,7,10,4,0,0,-8,16,9,14,0,0,10,0,8,73,62,301,271,514,504,520,527,521,533,961,910,1068,1042,1020,927]} 1. e4 c5 2. Nf3 Nc6 3. Bb5 Qc7 4. Nc3 {B30: Sicilian: 2...Nc6 3 Bb5, lines without ...g6} (4. O-O a6 5. Bxc6 dxc6 6. d3 e5 7. h3 f6 8. Be3 Be6 9. a4 a5 10. Na3 Bd6 11. Nd2 Ne7 12. Nac4 b6 13. c3 Ng6 {1-0 (111) Pruijssers,R (2463)-Hausrath,D (2483) Dieren 2016}) 4... a6 5. Bxc6 dxc6 6. h3 {White is slightly better.} e5 7. d3 Ne7 8. a4 $146 (8. Be3 Ng6 9. Qd2 Be7 10. O-O-O b5 11. h4 h5 {0-1 (39) Isserman,R (2296)-Solonar,S (2355) Erlensee 2007}) 8... a5 9. Nh4 Ng6 10. Qh5 Nxh4 11. Qxh4 Be6 12. f4 exf4 13. Bxf4 Qb6 14. O-O-O Rd8 (14... Be7 $11 {keeps the balance.} 15. Qg3 O-O-O) 15. Rhf1 c4 $2 ({Black should try} 15... Rd7 $14) 16. Qg3 {Bc7 is the strong threat.} Rd7 $2 {[#]} ({Don't go for} 16... cxd3 $2 17. Bc7 (17. cxd3 Qb4 $11) (17. Rxd3 Rxd3 18. Qxd3 Qa6 $14) 17... Bd6 18. Bxb6 $18) (16... Qc5 {is a better defense.} 17. Bc7 Rc8) 17. d4 $1 $18 {[%cal Bd3d4,Bd4d5][%mdl 544] White is clearly winning.} f6 (17... Rxd4 18. Be3) 18. d5 Bf7 19. d6 g6 20. e5 {[%cal Be4e5,Be5e6][%mdl 32]} f5 21. Be3 Qb4 {[#]} 22. e6 $1 {[%mdl 512]} 1-0

[Event "BL 2016-17"]
[Site "Jenbach"]
[Date "2017.04.21"]
[Round "10"]
[White "Kessler, Luca"]
[Black "Wegerle, Joerg"]
[Result "1-0"]
[WhiteElo "2454"]
[BlackElo "2445"]
[Annotator "TA"]
[PlyCount "61"]
[EventDate "2017.??.??"]
[EventCountry "AUT"]
[SourceTitle "playchess.com"]
[Source "ChessBase"]
[SourceQuality "1"]
[WhiteTeam "Götzis"]
[BlackTeam "Absam"]

{[%evp 18,61,20,21,25,13,9,0,8,0,3,-10,-6,-22,-10,-14,1,-4,0,-15,-14,-34,-15,-39,6,-8,-4,-4,0,0,0,0,0,0,4,-1,0,-2,61,-19,519,498,504,500,624,609]} 1. c4 e6 2. g3 d5 3. Bg2 Nf6 4. Nf3 dxc4 5. Qa4+ Nbd7 6. Qxc4 c5 7. Qb3 Bd6 8. Nc3 {A13: English Opening: 1...e6} (8. O-O O-O 9. Nc3 a6 10. a4 Rb8 11. a5 Bc7 12. Qa3 c4 13. b3 cxb3 14. d4 b5 15. axb6 Rxb6 {½-½ (67) Hou,Y (2651)-Kramnik,V (2809) Medias 2016}) 8... O-O 9. d3 a6 10. a4 {LiveBook: 6 Games. The position is equal.} Bc7 11. O-O Rb8 12. Nd2 b6 13. Nc4 Ne5 14. Be3 $146 (14. Bf4 Nxc4 15. Qxc4 Bxf4 16. Qxf4 Bb7 17. Bxb7 Rxb7 18. Qc4 a5 19. Ne4 {½-½ (19) Wirthensohn,H (2430)-Luther,T (2385) Altensteig 1990}) 14... Nfg4 15. Nxe5 Bxe5 (15... Nxe3 $2 16. Nc6 (16. fxe3 Bxe5 17. Bc6 Qg5 $15) 16... Qg5 17. fxe3 $18) 16. Bd2 Nf6 17. Qc4 Ne8 18. Qe4 Bd4 19. Qg4 f5 20. Qg5 Nf6 21. Bf4 e5 22. Bd2 {[%cal Bf4d2,Bd2c3,Bc3e5,Be5g7][%mdl 32]} Be6 23. e3 Bxc3 24. Bxc3 h6 (24... Qxd3 $6 25. Rfd1 (25. Bxe5 h6 26. Qf4 Rbd8 $14) 25... Qc2 26. Rd2 $16 (26. Bxe5 h6 27. Qf4 Rbd8 28. Rxd8 Rxd8 29. Bxf6 gxf6 $16)) 25. Qg6 Qd6 ({Much weaker is} 25... Qxd3 $6 26. Rfd1 (26. Bxe5 $2 Bf7 27. Rad1 Qxf1+ 28. Bxf1 Bxg6 $19) 26... Qc2 27. Rd2 $16 (27. Bxe5 Bf7 28. Bd5 Bxd5 $11)) 26. Rad1 Rbd8 27. f4 $132 {[%mdl 2048] White is not keeping still (4)} Ng4 (27... exf4 $11 28. Rxf4 (28. gxf4 Qd7 $11) (28. exf4 Qd7 29. Bh3 Qxa4 $15) 28... Qd7) 28. h3 (28. e4 $14) 28... Nxe3 $2 {[%mdl 8192]} (28... Rf6 $11 {and Black has nothing to worry.} 29. Qh5 Bf7) 29. Bxe5 $18 {[%csl Ge5][%cal Rg6g7] White is clearly winning.} Qe7 {[#]} 30. Bxg7 $1 {[%mdl 512]} Qf7 (30... Qxg7 31. Qxe6+) 31. Qxh6 1-0

[Event "BL 2016-17"]
[Site "Jenbach"]
[Date "2017.04.21"]
[Round "10"]
[White "Krassowizkij, Jaroslaw"]
[Black "Dizdar, Goran"]
[Result "1-0"]
[WhiteElo "2454"]
[BlackElo "2512"]
[Annotator "TA"]
[PlyCount "61"]
[EventDate "2017.??.??"]
[EventCountry "AUT"]
[SourceTitle "playchess.com"]
[Source "ChessBase"]
[SourceQuality "1"]
[WhiteTeam "Götzis"]
[BlackTeam "Absam"]

{[%evp 13,61,18,15,6,36,40,40,31,20,32,24,29,38,25,18,8,16,10,82,82,87,85,87,73,83,81,94,95,142,104,110,60,54,77,92,88,91,89,83,87,92,85,118,51,67,62,768,374,380,369]} 1. d4 d5 2. c4 e6 3. Nc3 Nf6 4. Nf3 Be7 5. Bf4 O-O 6. e3 b6 7. Qc2 c5 {LiveBook: 15 Games} 8. cxd5 {D37: Queen's Gambit Declined: 5 Bf4} (8. dxc5 bxc5 9. cxd5 exd5 10. Rd1 Bb7 11. Bb5 Nbd7 12. O-O a6 13. Be2 Qb6 14. Ne5 Rfd8 15. Bf3 Nf8 {0-1 (61) Chirila,I (2533)-Akobian,V (2633) chess.com INT 2017}) 8... exd5 9. Be2 Nc6 10. O-O {White is slightly better.} cxd4 $146 (10... Bb7 11. Rfd1 h6 12. Ne5 a6 13. Nxc6 Bxc6 14. dxc5 bxc5 15. Bf3 Qd7 {1-0 (58) Segal,A (2395)-Jigjidsuren,P (2285) Luzern 1982}) 11. Nxd4 Nxd4 12. exd4 Bb7 13. Bf3 Rc8 14. Rfe1 Ne4 15. Qa4 Nxc3 (15... Bg5 $11 {keeps the balance.} 16. Bxe4 (16. Bxg5 Nxg5 17. Be2 a6 $11) 16... Bxf4 17. Qxa7 Bxh2+ 18. Kxh2 Qc7+ 19. Kg1 dxe4) 16. Qxa7 $16 Qd7 {...Bd8 is the strong threat.} 17. bxc3 b5 18. a4 {aiming for Be2.} Ra8 {[#]} 19. Qb6 $1 Rxa4 20. Rab1 b4 21. c4 Rfa8 22. Qc7 Qxc7 23. Bxc7 Bg5 24. Bxd5 Bxd5 25. cxd5 Bd2 26. Red1 Bc3 27. d6 R4a7 28. Kf1 (28. g4 $16) 28... Kf8 29. Bb6 $1 Ra1 $2 {[%mdl 8192] [#]} (29... Ra6 $14 30. Bc5 Ke8) 30. d7 (30. Rxa1 $142 Bxa1 31. d7) 30... Rxb1 $18 31. Rxb1 1-0

[Event "BL 2016-17"]
[Site "Germany"]
[Date "2017.03.19"]
[Round "10"]
[White "Kantans, Toms"]
[Black "McShane, Luke J"]
[Result "1-0"]
[WhiteElo "2452"]
[BlackElo "2644"]
[Annotator "TA"]
[PlyCount "91"]
[EventDate "2017.??.??"]
[EventType "team-tourn"]
[EventCountry "GER"]
[SourceTitle "playchess.com"]
[Source "ChessBase"]
[SourceQuality "1"]
[WhiteTeam "Speyer-Schwegenheim"]
[BlackTeam "Werder Bremen"]

{[%evp 12,91,21,14,37,39,38,32,35,32,39,16,12,10,40,6,24,0,0,0,7,0,0,0,0,0,0,0,8,20,0,22,125,121,133,128,98,107,119,71,83,59,80,75,90,94,92,95,90,63,77,69,245,222,210,229,260,237,252,260,245,237,229,222,439,437,554,536,599,528,587,488,1436,1400,1148,1081,2204,2173,1784,1686,29990,29991]} 1. e4 e5 2. Nf3 Nc6 3. Bb5 Nf6 4. O-O Nxe4 5. Re1 Nd6 6. Nxe5 Be7 7. Bf1 Nf5 {C67: Ruy Lopez: Berlin Defence: 4 0-0 Nxe4} (7... Nxe5 8. Rxe5 O-O 9. d4 Bf6 10. Re1 Re8 11. Bf4 Rxe1 12. Qxe1 Ne8 13. c3 d5 14. Nd2 g6 15. Nf3 Ng7 16. Qe3 c6 17. Re1 Be6 18. Ne5 Qa5 19. a3 Re8 20. Nd3 Qd8 21. Qd2 Bf5 22. Rxe8+ Qxe8 23. Qe3 Qxe3 {½-½ (23) Vachier Lagrave,M (2796)-Grischuk,A (2742) Sharjah 2017}) 8. Nf3 d5 9. d4 O-O {White is slightly better.} 10. c3 Bd6 11. Na3 (11. Nbd2 $5 {with more complications.} Qf6 12. b4 h6 13. a4 a6 14. Bd3) 11... Bxa3 $146 (11... a6 12. Bg5 Nce7 13. Nc2 h6 14. Bxe7 Bxe7 15. Ne5 {1-0 (30) Pilipchuk,A (2119)-Obukhov,G (1847) LSS email 2014}) 12. bxa3 Nfe7 13. Rb1 b6 14. h3 Bf5 15. Rb2 Qd6 16. a4 Ng6 17. Rbe2 Bd7 18. Ne5 Ncxe5 19. dxe5 Qc6 20. Rd2 Qxc3 21. Rd3 Qa5 (21... Qc6 $11 {keeps the balance.}) 22. Rxd5 $16 Bxa4 23. Rxa5 Bxd1 24. Ra3 $1 Bc2 25. g4 {[%mdl 1024] White has strong compensation.} (25. Rc3 $6 Ba4 $11) 25... Ne7 26. Bg5 $36 {[%mdl 2048] White is more active.} Rfe8 27. Bg2 c6 28. Rc1 Bg6 29. f4 {[%cal Bf2f4,Bf4f5,Bf5f6][%mdl 32]} h6 30. Bh4 Bh7 ({Wrong is} 30... Nd5 $2 31. f5 Nf4 32. Bf1 $18 (32. Rxc6 Nxg2 33. Kxg2 Bh7 $16) (32. Bxc6 Ne2+ 33. Kg2 Nxc1 $14)) 31. f5 g6 $2 ({Black should try} 31... a5 $14) 32. f6 $1 $18 {[%cal Rf6e7]} Nd5 {[#]} 33. Bg3 $1 ({Much less strong is} 33. Rxc6 $6 Nf4 $16) 33... Re6 34. Bxd5 cxd5 {[#]} 35. Rxa7 $1 {[%mdl 512]} Rf8 (35... Rxa7 36. Rc8+) 36. Rcc7 g5 {[#]} 37. Re7 $1 Rc6 $2 {[#]} (37... Rxe7 {keeps fighting.} 38. fxe7 (38. Rxe7 d4 $16) 38... Re8) 38. e6 $1 {[%cal Re6f7,Be5e6,Be6e7][%mdl 544]} Rc1+ (38... Rxe6 39. Rxe6) 39. Kf2 {[%cal Re7f7]} Rc2+ 40. Ke1 {[%cal Re7f7]} Bg6 41. Rec7 Rg2 (41... Rxc7 $142 42. Rxc7 Re8) 42. e7 Re8 43. Rd7 {Strongly threatening Rd8.} Bd3 44. Rd8 Bb5 45. Rxe8+ Bxe8 46. Ra8 1-0

[Event "BL 2016-17"]
[Site "Jenbach"]
[Date "2017.04.21"]
[Round "10"]
[White "Bayer, Bernhard"]
[Black "Georgiadis, Nico"]
[Result "1/2-1/2"]
[WhiteElo "2443"]
[BlackElo "2478"]
[Annotator "TA"]
[PlyCount "59"]
[EventDate "2017.??.??"]
[EventCountry "AUT"]
[SourceTitle "playchess.com"]
[Source "ChessBase"]
[SourceQuality "1"]
[WhiteTeam "Absam"]
[BlackTeam "Götzis"]

{[%evp 17,59,22,47,-15,0,0,0,-52,0,-4,0,-5,-2,-8,-13,0,-10,-8,-12,-33,-6,-10,-5,-6,-6,-17,-4,-17,-6,-9,-7,-13,-20,-35,-22,-39,-9,-30,-19,-17,-40,-78,0,-30]} 1. Nf3 Nf6 2. g3 b6 3. Bg2 Bb7 4. d4 g6 5. O-O Bg7 6. c4 O-O 7. Qc2 c5 {A50: Queen's Fianchetto Defence (1 d4 Nf6 2 c4 b6)} 8. d5 b5 9. e4 bxc4 {LiveBook: 7 Games} 10. Nc3 ({White should play} 10. Na3 $14) 10... Na6 $146 (10... d6 11. Nd2 Nfd7 12. Nxc4 Ba6 13. Nd1 Nb6 14. Nde3 N8d7 15. Rb1 {0-1 (39) Karavade,E (2418)-Akobian,V (2633) Caleta 2017}) 11. a3 Nc7 12. Nd2 (12. Ne5 $11) 12... d6 13. Nxc4 Ba6 14. b3 Nd7 15. Bb2 Nb6 16. Nxb6 axb6 17. Rfd1 e5 18. Bh3 Bc8 19. Bxc8 Qxc8 20. Kg2 f5 21. f3 Bh6 22. Qe2 Qa6 23. Re1 Qxe2+ 24. Rxe2 b5 25. Nd1 Rf7 26. Nf2 Raf8 27. Rd1 Na6 28. exf5 gxf5 29. g4 fxg4 30. fxg4 1/2-1/2

[Event "BL 2016-17"]
[Site "Germany"]
[Date "2017.03.19"]
[Round "10"]
[White "Cioara, Andrei-Nestor"]
[Black "Thiede, Lars"]
[Result "1-0"]
[WhiteElo "2442"]
[BlackElo "2422"]
[Annotator "TA"]
[PlyCount "191"]
[EventDate "2017.??.??"]
[EventType "team-tourn"]
[EventCountry "GER"]
[SourceTitle "playchess.com"]
[Source "ChessBase"]
[SourceQuality "1"]
[WhiteTeam "SG Trier"]
[BlackTeam "SF Berlin"]

{[%evp 11,190,0,9,-27,-5,-5,-4,-35,-35,-27,-28,-35,-27,-35,39,-33,0,0,35,13,26,27,40,0,0,0,24,32,7,0,42,57,70,50,94,47,65,72,52,39,45,44,52,15,64,0,66,55,95,83,96,84,87,51,60,51,51,38,49,38,88,83,97,26,26,26,83,0,26,0,82,83,117,117,107,31,31,31,302,302,302,302,286,263,473,473,442,412,466,458,432,406,4250,4250,4250,4250,4242,4242,4227,4209,4202,4194,4180,4172,4169,4169,4162,4147,4140,4137,29971,29972,29972,29970,29967,29970,29970,29970,29972,29972,29973,29974,29973,29974,29973,29975,29975,29976,29976,29978,29979,29980,29982,29980,29980,29981,29982,29983,29983,29978,29978,29979,29979,29978,29980,29979,29981,29968,29982,29983,29983,29984,29984,29984,29987,29988,29988,29989,29989,29989,29989,29989,29990,29990,29991,29992,29992,29992,29993,29994,29994,29995,29995,29996,29996,29997,29997,29998,29998,29999,29999]} 1. d4 d6 2. c4 e5 3. Nf3 e4 4. Nfd2 f5 5. Nc3 Nf6 6. e3 g6 {LiveBook: 69 Games} 7. f4 {A21: English Opening: 1...e5 2 Nc3} (7. b4 Bg7 8. Qb3 O-O 9. Be2 Be6 10. Bb2 Nbd7 11. a4 c6 12. a5 Rc8 13. Rd1 Bf7 14. O-O Re8 15. a6 {0-1 (42) Sarana,A (2457)-Onischuk,V (2601) Tallinn 2016}) 7... Bg7 8. Be2 O-O 9. b4 {The position is equal.} c5 10. bxc5 dxc5 11. Nb3 cxd4 $146 (11... Nfd7 12. Ba3 Na6 {½-½ (22) Ruckschloss,K (2296)-Jablonicky,F (2224) Slovakia 2002}) 12. exd4 Be6 (12... Nc6 $15) 13. Be3 (13. Ba3 $14) 13... Bf7 14. Rc1 Nbd7 15. O-O Nb6 16. d5 Rc8 17. Nb5 a6 18. N5d4 Nbxd5 19. cxd5 Nxd5 20. Qd2 Nxe3 21. Qxe3 Qd6 22. Rfd1 {Black must now prevent Nxf5!} Qb4 23. Kf1 Rfd8 {Hoping for ...Rxc1.} 24. Rxc8 Rxc8 25. Qd2 Qxd2 26. Rxd2 h5 27. Kf2 Kf8 28. Rc2 (28. Bd1 $14) 28... Rxc2 (28... Bxd4+ $1 $11 29. Nxd4 Rxc2 30. Nxc2 Bxa2) 29. Nxc2 $14 Ke7 30. Nc5 b6 31. Nxa6 Bxa2 32. Ke3 h4 33. Bb5 Bb2 34. Kd2 Bb3 35. Nab4 Kf6 36. Ne3 Bd4 37. Nc6 (37. g3 $16) 37... Bc5 $11 38. Ne5 {Strongly threatening Nd7+.} Bd4 (38... Bd6 $11) 39. Nc6 (39. N5c4 $16) 39... Bc5 40. Ne5 (40. Nb8 $11) 40... Bd4 $16 41. N5c4 Bxc4 42. Bxc4 g5 43. g3 ({White should try} 43. Nd5+ $16 Kg6 44. fxg5 Kxg5 45. h3) 43... hxg3 $14 44. hxg3 gxf4 $2 {[%mdl 8192]} (44... Bc5 $1 $14) 45. gxf4 $18 Bc5 {[#]} 46. Ke2 $1 Bd6 47. Nd5+ Kg6 $2 {[#]} (47... Kf7 {keeps fighting.} 48. Kf2 (48. Nxb6+ Kg6 $16) 48... b5 49. Bxb5 Ke6) 48. Kf2 $1 ({And not} 48. Nxb6 Bxf4 49. Kf1 Bg3 $11) 48... Bc5+ 49. Kg3 Bd4 50. Bb5 Bc5 51. Bd7 Bd6 (51... Bd4 $142 52. Ne7+ Kf6 53. Nxf5 Bc3) 52. Nxb6 Bb4 53. Nd5 Be1+ 54. Kg2 Bd2 55. Kf2 Bc1 56. Kg3 Bd2 57. Ne7+ Kf6 58. Nxf5 Be1+ 59. Kg4 Bd2 60. Ng3 Bxf4 61. Kxf4 {White mates.} e3 62. Kxe3 Ke5 63. Bc6 Kd6 64. Be4 Ke5 65. Nf5 Kf6 66. Kf4 Ke6 67. Bc6 Kf6 68. Bd7 Kg6 69. Nd6 Kf6 70. Bf5 Ke7 71. Ke5 Kd8 72. Nb5 Ke7 73. Be6 Ke8 74. Kf6 Kf8 75. Bd7 Kg8 76. Nd6 Kf8 77. Nf7 Kg8 78. Bf5 Kf8 79. Bh7 Ke8 80. Ne5 Kd8 81. Ke6 Kc7 82. Nd7 Kc6 83. Bd3 Kc7 84. Bb5 Kd8 85. Kd6 Ke8 86. Bc4 Kd8 87. Bf7 Kc8 88. Nc5 Kd8 89. Nb7+ Kc8 90. Kc6 Kb8 91. Kb6 Kc8 92. Be6+ Kb8 93. Nc5 Ka8 94. Bh3 Kb8 95. Na6+ Ka8 96. Bg2# 1-0

[Event "BL 2016-17"]
[Site "Jenbach"]
[Date "2017.04.21"]
[Round "10"]
[White "Froewis, Georg"]
[Black "Koop, Thorben"]
[Result "1/2-1/2"]
[WhiteElo "2441"]
[BlackElo "2400"]
[Annotator "TA"]
[PlyCount "61"]
[EventDate "2017.??.??"]
[EventCountry "AUT"]
[SourceTitle "playchess.com"]
[Source "ChessBase"]
[SourceQuality "1"]
[WhiteTeam "Hohenems"]
[BlackTeam "St. Veit"]

{[%evp 16,61,52,55,75,47,66,52,45,36,30,8,34,-15,6,0,0,-7,0,-12,0,-4,0,0,8,16,54,20,45,58,62,0,0,0,0,-6,0,0,0,0,0,0,0,0,0,0,0,0]} 1. Nf3 Nf6 2. c4 g6 3. Nc3 Bg7 4. e4 O-O 5. d4 c6 6. Be2 d5 7. e5 Ne4 8. O-O Nxc3 9. bxc3 b6 {E70: King's Indian: Miscellaneous lines with 4 e4, including 5 Nge2 and 5 Bd3 0-0 6 Nge2} 10. Bf4 $146 (10. a4 Ba6 11. cxd5 cxd5 12. Bb5 Qc8 13. Ba3 Qb7 14. e6 Nc6 15. exf7+ Rxf7 16. Qe2 Bxb5 17. axb5 {½-½ (49) Topalov,V (2745)-Svidler,P (2688) Prague 2002}) 10... Ba6 11. cxd5 cxd5 {White is slightly better.} 12. Bxa6 Nxa6 13. Qd2 Nc7 14. Bh6 Ne6 15. Bxg7 Kxg7 16. Rae1 Rc8 17. Re3 Rc6 18. Ne1 Ng5 19. f3 f5 20. exf6+ exf6 21. Nd3 {Strongly threatening Rfe1.} Re8 22. Rxe8 Qxe8 23. Re1 (23. h4 $1 $14 Ne6 24. f4) 23... Re6 $11 {The position is equal.} 24. Rxe6 Nxe6 25. Qe3 Qd7 26. Nf4 Nxf4 (26... Nc7 $5 {is more complex.} 27. h4 Nb5 28. Kf2 Qd6 29. g3 Qa3) 27. Qxf4 Qe7 {[%cal Re7e1] [#]} 28. Qd2 Kf7 29. h3 Qc7 30. Qe3 Qe7 31. Qd2 1/2-1/2

[Event "BL 2016-17"]
[Site "Germany"]
[Date "2017.03.19"]
[Round "10"]
[White "Grabarczyk, Miroslaw"]
[Black "Ragger, Markus"]
[Result "0-1"]
[WhiteElo "2435"]
[BlackElo "2681"]
[Annotator "TA"]
[PlyCount "48"]
[EventDate "2017.??.??"]
[EventType "team-tourn"]
[EventCountry "GER"]
[SourceTitle "playchess.com"]
[Source "ChessBase"]
[SourceQuality "1"]
[WhiteTeam "Griesheim"]
[BlackTeam "Solingen"]

{[%evp 20,48,38,39,39,22,54,25,43,0,0,0,43,20,29,14,8,17,28,-12,0,-6,0,-155,-121,-122,-101,-191,-195,-359,-349]} 1. d4 Nf6 2. c4 g6 3. Nf3 Bg7 4. g3 d5 5. cxd5 Nxd5 6. Bg2 O-O 7. O-O Nc6 8. Nc3 Bf5 {D74: Fianchetto Grünfeld: Main Line (5 Nf3 0-0 6 cxd5 Nxd5 7 0-0)} 9. Re1 Qd7 10. e4 Nxc3 11. bxc3 {LiveBook: 3 Games} Bg4 12. Qd3 $146 (12. Ba3 Rfe8 13. Rb1 e5 14. d5 Na5 15. Qd3 b6 16. Nd2 {0-1 (54) Wojtaszek,R (2744)-Vachier Lagrave,M (2758) Beijing 2014}) 12... Na5 13. Ba3 Rfe8 14. Bb4 Nc6 15. Ba3 b6 16. Nd2 Na5 17. Nb3 Qa4 18. Nxa5 {[#] Nc4 is the strong threat.} Qxa5 19. Bb4 Qa4 {aiming for ...a5.} 20. e5 Rac8 {White must now prevent ...c5.} 21. Bb7 $2 (21. Qe4 $11) 21... a5 22. Bxc8 Bxc8 23. Bxe7 (23. Qd1 $17 Qxd1 24. Raxd1 axb4 25. cxb4) 23... Rxe7 $19 24. d5 $2 {[#]} (24. Re2 {is a better defense.}) 24... Rxe5 ({Don't take} 24... Bxe5 25. Re3 Bf6 26. Rxe7 Bxe7 27. Re1 $19) 0-1

[Event "BL 2016-17"]
[Site "Jenbach"]
[Date "2017.04.21"]
[Round "10"]
[White "Halvax, Georg"]
[Black "Sebenik, Matej"]
[Result "0-1"]
[WhiteElo "2429"]
[BlackElo "2540"]
[Annotator "TA"]
[PlyCount "76"]
[EventDate "2017.??.??"]
[EventCountry "AUT"]
[SourceTitle "playchess.com"]
[Source "ChessBase"]
[SourceQuality "1"]
[WhiteTeam "Maria Saal"]
[BlackTeam "Feffernitz"]

{[%evp 16,76,27,7,25,-1,0,-50,-30,-189,-38,-129,-29,-39,-16,-307,-303,-302,-290,-268,-275,-349,-355,-355,-336,-400,-381,-393,-380,-491,-497,-578,-507,-583,-558,-625,-482,-495,-449,-503,-492,-485,-468,-531,-522,-797,-687,-1133,-1101,-1093,-1028,-29995,-1187,-1942,-1839,-4945,-4929,-29991,-29992,-29995,-29996,-29997,-29998]} 1. e4 e6 2. d4 d5 3. Nc3 Nf6 4. e5 Nfd7 5. f4 c5 6. Nf3 Nc6 7. Ne2 Qb6 8. c3 Be7 9. a3 a5 {C11: French: Classical System: 4 e5 and 4 Bg5 dxe4} 10. g4 f6 11. Bg2 O-O {Black is slightly better.} 12. Qd3 $2 (12. g5 $11 {and White has nothing to worry.}) 12... a4 $146 (12... cxd4 $1 $19 {[%cal Rf6e5]} 13. cxd4 (13. Nexd4 $2 fxe5 14. Nxe6 e4 $19) 13... a4) (12... cxd4 13. cxd4 fxe5 14. fxe5 Rxf3 15. Bxf3 Ndxe5 16. dxe5 Nxe5 17. Qe3 Qxe3 18. Bxe3 Nxf3+ {0-1 (29) Sendur,A (2335)-Kaidanov,G (2624) Istanbul 2000}) 13. Rb1 {[#]} (13. g5 $15) 13... Qa7 (13... cxd4 $1 $17 {[%cal Rf6e5]} 14. cxd4 fxe5 15. fxe5 Qa6 16. Qxa6 bxa6) 14. Be3 fxe5 (14... cxd4 $5 {is interesting.} 15. cxd4 fxe5 16. fxe5 Nc5 17. Qc2 Nb3) 15. fxe5 $2 {[%mdl 8192] [#]} (15. dxe5 $11 c4 16. Qd2) 15... Rxf3 $1 $19 {[%mdl 512]} 16. Bxf3 Ndxe5 17. dxe5 Nxe5 18. Qc2 {And now 0-0 would win.} Nxf3+ 19. Kf2 Ne5 20. Kg3 Nc4 21. Qd3 b6 ({Not} 21... Nxe3 22. Qxe3 Qb8+ 23. Kg2 $17) 22. Nf4 Qd7 (22... Nxe3 $2 23. Qxe3 Bd6 24. h4 $19) 23. Rhe1 Bb7 24. Nh5 e5 25. Qf5 Qxf5 26. gxf5 Rf8 27. f6 Bxf6 28. Nxf6+ Rxf6 ({Weaker is} 28... gxf6 29. Bh6 $17) 29. Bc1 d4 30. b3 axb3 ({Stronger than} 30... dxc3 31. bxc4 Rg6+ 32. Kf2 Rf6+ 33. Kg3 $16) 31. Rxb3 Rf3+ 32. Kg4 e4 33. a4 h6 (33... Bc8+ $142 34. Kh4 Rh3+ 35. Kg5 h6+ 36. Kf4 Rf3+ 37. Kxe4 Bb7#) 34. cxd4 Rxb3 35. dxc5 Rf3 {( -> ...Bc8+)} 36. Bxh6 gxh6 {Black mates.} 37. cxb6 Kh7 38. Kh4 Bc8 0-1

[Event "BL 2016-17"]
[Site "Germany"]
[Date "2017.03.19"]
[Round "10"]
[White "Moreno Tejera, Emilio"]
[Black "Van Foreest, Jorden"]
[Result "1/2-1/2"]
[WhiteElo "2426"]
[BlackElo "2582"]
[Annotator "TA"]
[PlyCount "74"]
[EventDate "2017.??.??"]
[EventType "team-tourn"]
[EventCountry "GER"]
[SourceTitle "playchess.com"]
[Source "ChessBase"]
[SourceQuality "1"]
[WhiteTeam "König Tegel"]
[BlackTeam "Aufwärts Aachen"]

{[%evp 10,74,16,8,16,20,25,15,35,9,26,-6,-4,-6,2,-19,-11,-11,-22,-22,-10,-22,-7,-14,-15,-29,-11,0,0,0,0,0,0,-2,-11,-20,-27,-16,-10,-35,-17,-30,0,-27,0,0,0,-16,87,84,83,79,196,114,782,91,88,0,0,0,0,0,0,0,0,0,0]} 1. e4 e5 2. Nf3 Nc6 3. Bc4 Bc5 4. O-O Nf6 5. d3 d6 6. a4 a6 {C50: Hungarian Defence and Giuoco Pianissimo} 7. c3 Ba7 8. Na3 O-O (8... h6 9. Nc2 Qe7 10. Be3 Be6 11. Bxe6 Qxe6 12. Bxa7 Rxa7 13. d4 Ne7 14. Nd2 O-O {½-½ (38) So,W (2808)-Eljanov,P (2755) Wijk aan Zee 2017}) 9. h3 Be6 10. Be3 $146 (10. Re1 h6 11. Bxe6 fxe6 12. Be3 Bxe3 13. Rxe3 Qd7 14. Qb3 {1-0 (48) Stevic,H (2600)-Schnider,G (2340) Austria 2016}) 10... Bxe3 11. fxe3 Qd7 12. Bxe6 Qxe6 13. Ng5 Qe7 14. Qb3 Rab8 (14... Na5 $5 {feels hotter.} 15. Qa2 Rad8 16. b4 Nc6 17. Nc2 h6) 15. Nf3 Rfe8 16. Nc2 Nd8 17. a5 Ne6 18. Qa2 c6 19. b4 Rbd8 20. c4 Nc7 21. Nd2 d5 22. exd5 cxd5 23. c5 Nh5 24. Qb2 Nb5 25. Rae1 Qe6 26. Na3 Nxa3 27. Qxa3 Qg6 28. Nf3 d4 {[#]} (28... Ng3 $11 {remains equal.} 29. Rf2 e4 30. dxe4 Nxe4) 29. exd4 $1 $16 Nf4 {[%csl Gf4][%cal Rg6g2]} 30. Qa2 Qg3 (30... exd4 $2 31. Ne5 Qe6 32. Qxe6 Nxe6 33. Nxf7 $18 (33. Rxf7 Nxc5 34. bxc5 Rxe5 35. Rxg7+ Kxg7 $18)) (30... Qxd3 $16 31. Kh2 (31. Nxe5 Qxd4+ 32. Qf2 f6 33. Qxd4 Rxd4 $17) (31. Rxe5 Rxe5 32. dxe5 h6 $11) (31. dxe5 h6 $14) 31... Rf8) 31. Nxe5 ({Much less strong is} 31. Rxe5 $6 Rxe5 32. Nxe5 Nxh3+ 33. Kh1 Ng5 34. Nxf7 Qh4+ 35. Kg1 Qxd4+ 36. Rf2 Nxf7 37. Qxf7+ Kh8 $16) (31. Re4 $18 Rf8 32. Rxe5 (32. Nxe5 Nxh3+ 33. Kh1 Ng5 $16)) 31... Nxh3+ 32. Kh1 Ng5 {[#]} 33. Nxf7 (33. Re4 $1 $16 {[%mdl 512]} Re7 (33... Nxe4 34. dxe4) 34. Ref4 (34. Rg4 Qe3 $11)) 33... Qh4+ $11 {The position is equal.} 34. Kg1 {White wants to mate with Nxg5+.} Qxd4+ 35. Kh2 Qh4+ 36. Kg1 {Intending Nxg5+ and mate.} Qd4+ 37. Kh2 Qh4+ 1/2-1/2